000 00891nam a22002177a 4500
005 20120501150049.0
010 _a
020 _a 8177410261
_c200.00
035 _aB-180789
037 _bPUB
082 _a425
100 _aहाड़ा, चन्द्रमोहन हिमकर
_946149
245 _aभाषा और भाषा विज्ञान /
_cचन्द्रमोहन हाड़ा हिमकर
260 _aवाराणसी
_bसंजय बुक सेंटर
_c 2004
270 _a
_b
_e
_k
300 _a170पृ.
_c22सेमी (सजिल्द)
650 _a
_x
_946150
700 _aकौशिक, ओमप्रकाश
_945986
942 _2ddc
_cHN
_mहाड़ाच
_h425
999 _c65922
_d65922